Super Smash Bros. - Ice Climber Universe - Statistics

General Stats
  • This quiz has been taken 34 times
    31 since last reset
  • The average score is 8 of 11
Answer Stats
Hint Answer % Correct
Masterpieces Ice Climber
100%
Fighters Ice Climbers
100%
Enemies Polar Bear
86%
Stages Summit
82%
Spirits Eggplant
73%
Spirits Condor
68%
Stages Icicle Mountain
68%
Stickers Nana
59%
Trophies Iceberg
45%
Trophies Vegetables
41%
Enemies Topi
36%
No matching quizzes found
Score Distribution
Percent of People with Each Score
Percentile by Number Answered
Your Score History
You have not taken this quiz since the last reset